| 000 | 01215nam a2200313 4500 | ||
|---|---|---|---|
| 003 | OSt | ||
| 005 | 20260530115309.0 | ||
| 008 | 260418b1989 mx ||||| |||| 00| 0 spa d | ||
| 020 | _a9686140417 | ||
| 040 |
_aICI _bspa _cICI |
||
| 041 |
_aspa _gspa |
||
| 050 |
_aF1331 _bP75 |
||
| 100 | 1 |
_a Priego Ramírez Patricia, A. Rodríguez José _932473 |
|
| 240 |
_aLa manera en que fuimos : _lspa |
||
| 245 | 1 | 0 |
_aLa Manera en que fuimos : _bFotografía y Sociedad en Qro. 1840-1930 / _cPatricia Priego Ramirez, Jose Antonio Rodriguez |
| 260 |
_aQueretaro, Qro. _bobierno del Estado de Queretaro _c1989 |
||
| 264 | 1 |
_bGobierno del Edo de Querétaro _c1989 _aQueretaro, Qro. |
|
| 300 |
_a200 páginas _bilustraciones |
||
| 336 |
_atexto _2rdacontent |
||
| 337 |
_asin medio _2rdamedia |
||
| 338 |
_avolumen _2rdacarrier |
||
| 490 | _aColeccion fotografia queretana | ||
| 650 |
_a Fotografía _xHistoria _zQueretaro _932474 |
||
| 651 |
_aQuerétaro (Estado) _xVida social y costumbres _932475 |
||
| 651 |
_aQuerétaro (Estado) _vObras ilustradas _xVida social y costumbres _932476 |
||
| 700 |
_aRodriguez, Jose Antonio _eautor _92455 |
||
| 710 |
_aQueretaro. _bDireccion de Patrimonio Cultural _932477 |
||
| 942 |
_2ddc _cBK |
||
| 999 |
_c13234 _d13234 |
||